02183cam a22004934i 4500003000900000005001700009008004100026020001500067020001800082035002000100049000900120082001800129245013100147264003100278300003900309336002100348337002500369338002300394490004000417504003300457505049300490526001000983526001000993526001001003526001001013526000801023526000801031526000801039526000801047526000801055526000801063526000801071630004401079650006201123650001701185700003301202910002801235942001401263994001401277596000601291999016801297980005501465952016901520PE-LiUPU20250731173111.0181226s2011 miu r 001 0 eng  a082543338X a9780825433382 a(Sirsi) a251151 aPRUA04a225.1bR422310aRevisiting the corruption of the New Testament :bmanuscript, patristic, and apocryphal evidence /cDaniel B. Wallace, editor. 1aMichigan :bKregel,c2011. a284 páginas ;c23 centímetros. atext2rdacontent aunmediated2rdamedia avolume2rdacarrier0 aText and canon of the New Testament aÍndice: páginas 267-284.0 aLost in transmission: how badly did the scribes corrupt the New Testament text? -- The least orthodox reading is to be preferred: a new canon for New Testament textual criticism? -- The legacy of a letter: Sabellianism or scribal blunder in John 1.1c? -- Patristic theology and recension in Matthew 24.36: an evaluation of Ehrman's text-critical methodology -- Tracking Thomas: a text-critical look at the transmission of the gospel of Thomas -- Jesus as [Theōs]: a textual examination. aSEG42 aSEG41 aSEG40 aSEG39 aP94 aP87 aP86 aP85 aP77 aP76 aP35 aBiblia.pNuevo testamentoxCanon.9157604aAutoridadxAspectos religiosos.2fast0(OCoLC)fst0082165804aCanon.2rero1 aWallace, Daniel B.,eeditor. adbmbsagcsagd20181226 2ddccBOOK aC0bPEPRU a1 a225.1 R4wDEWEYc30598i79434f2021-11-9g3lCCODEBUL1mBULp16.14r0sYtBOOKu2018-12-26xTEOLOGIAPP850DONACION1FCOMPR2o.STAFF. Colección Teologíad30598 81gALBERTO SANCHEZ Responsable de Automatización r2025-12-02 00:00:00i4l0o225.1 R4p79434te1v21.14w2018-12-26xPGyBKzinventario-2023-12-13102ddc50708GENfP85aBULbBULcGENd2018-12-26eDONACIONg16.14